MDQL
is popping MORE tags! Check the
thread
!
Quizzes
Events
Quiz Creation
Community
Videos
Private Events
Remove Ads
Sign In
Join for FREE
Feedback
Dark Mode
Quiz Categories
Sports
Geography
Music
Movies
Television
Just For Fun
Miscellaneous
History
Literature
Language
Science
Gaming
Entertainment
Religion
Holiday
For Kids
Quiz Lab
Recent
Popular Today
Quiz Kudos Today
Editor Picks
Curator Picks
Quizzes by...
Day
Popularity
Type
Ratings
Length
Year
Community
Subscriptions
Recent Discussions
Orange Saloon
Badges
Playlists
Quests
Create
Leaderboards
Showdown
Live 5
Trivia Bingo
Activity
Puzzle Library
Sporcle Events
Private Events
Virtual Trivia
Globe League
Become a Host
Pub Owners
SporcleCon
Opinionation
Our Games
Videos
Blog
Mobile Apps
Partnerships
Remove Ads and Go Orange
Feedback
Miscellaneous
Crossword
General Knowledge
Baby Names
Logo
Food
Cars
Numbers
Grab Bag
University
College
Popular
Company
Slogans
Restaurants
Justice
Letter
Miscellaneous
Crossword
General Knowledge
Baby Names
Logo
Food
Cars
Numbers
Grab Bag
University
College
Popular
Company
Slogans
Restaurants
Justice
Letter
Random Quiz
Search Sporcle
×
Quiz Lab
Quiz Lab
Miscellaneous
Definition
Type in answers that appear in a list
Type in answers that appear in a list
Classic
Best Score? Go Orange.
Education Terms: part 3 Stats
Can you name the Education Terms?
By
moryczsa
10m
23 Questions
20 Plays
20 Plays
20 Plays
Comments
Comments
Give Quiz Kudos
Give Quiz Kudos
-
- Ratings
hide this ad
Random Order
Randomize order of answers
Randomize order of answers
Replay
Link that replays current quiz
Next Quiz
Link to next quiz in quiz playlist
You Got
0%
They Got
Avg Score
28%
Avg Friend Score
Upgrade to see
Score Distribution
Jump to the score distribution portion of the page
Score
0/23
Timer
10:00
0
Plays Today
Definition
Term
% Correct
A check or written document that parents can use to purchase educational services
Voucher
70%
The responsibility for governing schools in the U.S. is given to the states by what document?
U.S. Constitution
65%
An educational option in which parents educate their children at home
homeschooling
50%
Alternative schools that are independently operated but publicly funded
Charter Schools
50%
A legal safeguard that provides job security by preventing teacher dismissal without cause
Tenure
50%
Federal laws designed to protect the intellectual property of authors, which includes printed matter, videos, computer software, and various other types of original work
Copyright laws
40%
Federal grants targeted for specific groups and designated purposes
Categorical Grants
35%
Federal monies provided to states and school districts with few restrictions for use
Block Grants
35%
The extent to which a teacher's behavior becomes known and is controversial
Notoriety
30%
The process that occurs when a local chapter of a professional organization negotiates with a school district over the rights of the teachers and the conditions of employment
Collective bargaining
30%
The practice of prohibiting objectionable materials, such as certain books used in libraries or in academic classes
Censorship
30%
A legal employment agreement between a teacher and a local school board
Teaching contract
20%
Definition
Term
% Correct
A federal law, also called the Family Educational Rights and Privacy Act (FERPA), that describes who may have access to a student's educational records
Buckley Amendment
15%
Policies that specify limitations in the use of copyrighted materials for educational purposes
Fair-use guidelines
15%
A principle meaning 'in place of parents' that requires teachers to use the same judgement and care as parents in protecting the children under their supervision
In loco parentis
15%
The part of the curriculum consisting of learning experiences that go beyond the core of students' formal studies
Extra-curriculum
15%
A form of curriculum in which concepts and skills from various disciplines are combined and related
Integrated Curriculum
15%
The unstated and sometimes unintended aspects of the curriculum
Implicit curriculum
15%
An approach to character education that combines service to the community with content-
learning objectives
Service Learning
15%
The elimination of teaching positions because of declining student enrollment or school funds
Reduction in force
10%
The process by which a state evaluates the credentials of prospective teachers to ensure that they have achieved satisfactory levels of teaching competence and are morally fit to w
Licensure
10%
The stated curriculum found in textbooks, curriculum guides, and standards, as well as other planned formal educational experiences
Explicit curriculum
10%
Topics left out of the course of study
Null Curriculum
5%
Quiz Playlist
Details
Report
Send in Message
Add To Playlist
Classic:
Type in answers that appear in a list
Random Order:
Randomize order of answers
Last Updated: Feb 16, 2017
Quiz Scoreboard
CHALLENGE
Sign Up to Join the Scoreboard
Show All
Scores
Hide
Comments
May contain spoilers
Recently Published
Find the 'City' Movie
by crazypaving
Movies
60s
5x2 Blitz: Bands
by SL_Kpop136
Music
30s
Colored Red Africa Blitz
by spor1
Geography
30s
More to Explore
Quiz From the Vault
Featured Blog Post
14 Easter Pick-up Lines to Find Eggs With
hide this ad
You Might Also Like...
Tags
Definition Quiz
Education
Today's Top Quizzes in Miscellaneous
Browse Miscellaneous
hide this ad
Today's Top Quizzes in Definition
Browse Definition
Top Contributed Quizzes in Miscellaneous
1
5-to-1: Fast Food
2
The JOE quick-fire general knowledge quiz: Day 174
3
9x9 Crossword: Disney Movie Titles
4
9x9 Crossword: Charlie and the Chocolate Factory
5
9x9 Crossword: 2022 Movies
6
9x9 Crossword: Pixar Movie Titles
7
9x9 Crossword: Actors
8
9x9 Crossword: Flags
9
9x9 Crossword: Mario
10
9x9 Crossword: The Simpsons
Explore More
Trending Topics
Kpop
Anime
Disney
Crossword
Marvel
NBA
Harry Potter
The Office
Country
WWE
Puzzle
NFL
Pokémon
Soccer
Song
hide this ad
More By:
moryczsa
Quiz
Plays
Rating
Category
Featured
Created
ECOLOGY Ch4: Population Genetics
86
Science
Feb 7, 2011
ECOLOGY Ch5: Temperature Relations
64
Science
Feb 7, 2011
ECOLOGY Ch2: Life on Land
27
Science
Feb 7, 2011
Education Terms: part 3
20
Miscellaneous
Dec 15, 2010
ECOLOGY Ch6: Water Relations
20
Science
Feb 7, 2011
Go to Creator's Profile
Score Distribution
Quiz Creator Spotlight
moryczsa
Follow
Send a Message
Quizzes Created
-
Created Quiz Play Count
-
More By This Creator
Popular Quizzes Today
1
Colored Red Africa Blitz
2
Find the 'City' Movie
3
Find the US States - No Outlines Minefield
4
5x2 Blitz: Bands
5
The Countries of the World
6
Find the US States
7
US States
8
Find the Countries of Europe - No Outlines Minefield
More Miscellaneous Quizzes
'Ice' Things
Editor's Pick
Trending Quizzes
Colored Red Europe Blitz I
Colored Red Africa Blitz II
Colored Red Europe Blitz II
Colored Red Africa Blitz III
Colored Red Europe Blitz III
Recently Updated
How Do You Spell That?
pecheneg
Godzilla Movies
pecheneg
Grab Bag: 4-10 Letters
pecheneg
2024 March Madness Bracket
pecheneg
Famous TV Couples
Peacemaker
Champions League XIs: Real Madrid
pecheneg
Largest US Cities 1790-2010
pecheneg
Rides in Walt Disney World
pecheneg
Most Oscar Losses (Acting)
pecheneg
Beyoncé Albums
pecheneg
Trending Topics
Harry Potter
Anime
Crossword
NBA
Disney
Kpop
Marvel
The Office
Song
Puzzle
Soccer
WWE
Country
NFL
Pokémon
Your Account Isn't Verified!
In order to create a playlist on Sporcle, you need to verify the email address you used during registration. Go to your
Sporcle Settings
to finish the process.
Report this User
Report this user for behavior that violates our
Community Guidelines
.
Details:
Send Report
Go to the Sporcle.com Mobile Site →
Comments